[Event "DEM U10 2019"]
[Site "Willingen GER"]
[Date "2019.06.14"]
[Round "9"]
[White "Meng, Yuxuan"]
[Black "Zobel, Christian"]
[Result "0-1"]
[Termination "normal"]
[Board "16"]
[WhiteElo "1288"]
[BlackElo "1404"]
[PlyCount "62"]
[WhiteFideId "16258231"]
[BlackFideId "16259068"]
[EventCountry "GER"]
[EventRounds "11"]
[EventType "swiss"]
[EventDate "2019.06.08"]

1. e4 e5 2. Nc3 Bc5 3. g3 Nc6 4. Bg2 Nf6 5. Nge2 d6 6. d3 Be6 7. Be3 Bb6 8. Qd2
d5 9. Bg5 dxe4 10. Nxe4 Nxe4 11. dxe4 Qxd2+ 12. Bxd2 O-O-O 13. a3 Bxf2+ 14.
Kxf2 Rxd2 15. Rac1 Nd4 16. Bf3 Nxc2 17. Rhd1 Rhd8 18. Rxd2 Rxd2 19. Kg1 Ne3 20.
Nc3 Rxb2 21. Be2 Rc2 22. Rxc2 Nxc2 23. a4 Nd4 24. Bd1 Kd7 25. Kf2 Kc6 26. Ke3
Kc5 27. Kd3 c6 28. Ke3 Kb4 29. Kd2 Bb3 30. Bxb3 Nxb3+ 31. Kc2 Nc5 0-1

[Event "DEM U10 2019"]
[Site "Willingen GER"]
[Date "2019.06.14"]
[Round "9"]
[White "Bock, Leonas"]
[Black "Jouani, Zakharia"]
[Result "1/2-1/2"]
[Termination "normal"]
[Board "17"]
[WhiteElo "1363"]
[BlackElo "1507"]
[PlyCount "46"]
[WhiteFideId "16287118"]
[BlackFideId "16206746"]
[EventCountry "GER"]
[EventRounds "11"]
[EventType "swiss"]
[EventDate "2019.06.08"]

1. d4 Nf6 2. Nf3 g6 3. Nc3 Bg7 4. e4 d6 5. Be3 Nbd7 6. Qd2 O-O 7. Bh6 c5 8.
Bxg7 Kxg7 9. O-O-O cxd4 10. Qxd4 Nc5 11. e5 Nfd7 12. exd6+ e5 13. Nxe5 Qg5+ 14.
f4 Qf6 15. Nxd7 Nxd7 16. Qxf6+ Nxf6 17. Be2 Be6 18. h4 h5 19. Bf3 Rab8 20. Ne4
Bg4 21. Bxg4 Nxe4 22. Bf3 Nf2 23. Rhf1 Nxd1 1/2-1/2

[Event "DEM U10 2019"]
[Site "Willingen GER"]
[Date "2019.06.14"]
[Round "9"]
[White "Kullmann, Max"]
[Black "Guo, Jacob Tingshen"]
[Result "1/2-1/2"]
[Termination "normal"]
[Board "18"]
[WhiteElo "1455"]
[BlackElo "1420"]
[PlyCount "45"]
[WhiteFideId "16218574"]
[BlackFideId "16245245"]
[EventCountry "GER"]
[EventRounds "11"]
[EventType "swiss"]
[EventDate "2019.06.08"]

1. d4 Nf6 2. c4 e6 3. Nc3 d5 4. Bf4 c6 5. e3 Be7 6. Nf3 O-O 7. Qc2 Nbd7 8. cxd5
exd5 9. Bd3 h6 10. h3 Nb6 11. O-O Re8 12. Ne5 Be6 13. Rab1 Bd6 14. Bh2 Qc7 15.
Rfc1 Rac8 16. b3 Qe7 17. a4 a5 18. Rd1 Bb4 19. Na2 Bd6 20. Qe2 Ra8 21. Nc3 Rec8
22. e4 dxe4 23. Nxe4 1/2-1/2

[Event "DEM U10 2019"]
[Site "Willingen GER"]
[Date "2019.06.14"]
[Round "9"]
[White "Scheerer, Julian"]
[Black "Brügmann, Nick"]
[Result "0-1"]
[Termination "normal"]
[Board "19"]
[WhiteElo "1395"]
[BlackElo "1415"]
[PlyCount "80"]
[WhiteFideId "16265769"]
[BlackFideId "16287126"]
[EventCountry "GER"]
[EventRounds "11"]
[EventType "swiss"]
[EventDate "2019.06.08"]

1. e4 c5 2. Nf3 e6 3. g3 b6 4. Bg2 Bb7 5. d3 Nf6 6. Nbd2 d5 7. Qe2 Be7 8. O-O
O-O 9. e5 Nfd7 10. Re1 Nc6 11. Nf1 d4 12. h4 Qc7 13. Bf4 Rfd8 14. N1h2 Nf8 15.
h5 h6 16. Ng4 Nh7 17. Qd2 Rd7 18. Ngh2 Nb4 19. g4 Qd8 20. a3 Nd5 21. Bg3 Ng5
22. Nxg5 Bxg5 23. Qe2 Rc8 24. Nf1 Qc7 25. Qf3 Qb8 26. Qe2 Qa8 27. Be4 Nf4 28.
Qf3 Bxe4 29. dxe4 Nh3+ 30. Kh2 Be3 31. Kxh3 Bg5 32. Bh4 Bxh4 33. Kxh4 Qb8 34.
Qg3 c4 35. Rad1 Rcd8 36. Rd2 g5+ 37. hxg6 fxg6 38. Red1 Qa8 39. f3 Rf8 40. Rxd4
Qd8+ 0-1

[Event "DEM U10 2019"]
[Site "Willingen GER"]
[Date "2019.06.14"]
[Round "9"]
[White "Kuhlmann, Nils Magnus"]
[Black "Schlange, Jonathan"]
[Result "1-0"]
[Termination "normal"]
[Board "20"]
[WhiteElo "1227"]
[BlackElo "1488"]
[PlyCount "69"]
[WhiteFideId "16287177"]
[BlackFideId "16287240"]
[EventCountry "GER"]
[EventRounds "11"]
[EventType "swiss"]
[EventDate "2019.06.08"]

1. e4 c5 2. Nf3 d6 3. d4 cxd4 4. Nxd4 Nf6 5. Nc3 g6 6. Be3 Bg7 7. Bc4 O-O 8.
O-O Nc6 9. Qd2 Ng4 10. Nxc6 bxc6 11. Bf4 Qb6 12. Na4 Qb7 13. h3 Ne5 14. Bb3 Rd8
15. Nc5 Qb6 16. Na4 Qc7 17. Rad1 Ba6 18. Rfe1 Rab8 19. Nc3 Nc4 20. Bxc4 Bxc4
21. b3 Be6 22. Ne2 Qb6 23. Be3 c5 24. Nf4 Bc8 25. Nd5 Qb7 26. Bh6 e6 27. Bxg7
exd5 28. Bf6 Kf8 29. Qh6+ Ke8 30. exd5+ Be6 31. Bxd8 Kxd8 32. dxe6 fxe6 33.
Qf8+ Kc7 34. Qxd6+ Kc8 35. Qd8# 1-0

[Event "DEM U10 2019"]
[Site "Willingen GER"]
[Date "2019.06.14"]
[Round "9"]
[White "Birkenheier, Nicolas"]
[Black "Kullmann, Theo"]
[Result "0-1"]
[Termination "normal"]
[Board "21"]
[WhiteElo "1160"]
[BlackElo "1465"]
[PlyCount "92"]
[WhiteFideId "16287100"]
[BlackFideId "16218582"]
[EventCountry "GER"]
[EventRounds "11"]
[EventType "swiss"]
[EventDate "2019.06.08"]

1. e4 e5 2. Nf3 Nc6 3. Bc4 Bc5 4. d3 h6 5. c3 Nf6 6. O-O O-O 7. Nbd2 d6 8. Bb3
Be6 9. Bc2 Qd7 10. Re1 Rad8 11. Nf1 Rfe8 12. Ng3 d5 13. exd5 Bxd5 14. Bd2 a6
15. Qe2 Ng4 16. Rf1 f5 17. Bc1 b5 18. a3 a5 19. Rb1 a4 20. h3 Nf6 21. Re1 e4
22. dxe4 fxe4 23. Nh2 Bc4 24. Qd1 Qf7 25. Bd2 e3 26. Qf3 exd2 27. Red1 Qe6 28.
Nhf1 Be2 29. Nxe2 Qxe2 30. Qxe2 Rxe2 31. Ng3 Rxf2 32. Kh2 Bd6 33. Bg6 Re2 34.
Ra1 Re3 35. Bf5 Rxg3 36. Kh1 Bf4 37. Be6+ Kf8 38. Bf5 Re8 39. Bc2 Rge3 40. g4
Re1+ 41. Rxe1 Rxe1+ 42. Rxe1 dxe1=Q+ 43. Kg2 Qe2+ 44. Kg1 Bg3 45. b4 Qf2+ 46.
Kh1 Qh2# 0-1

[Event "DEM U10 2019"]
[Site "Willingen GER"]
[Date "2019.06.14"]
[Round "9"]
[White "Buchinger, Alexis"]
[Black "Middendorf, Sven-Jonas"]
[Result "1-0"]
[Termination "normal"]
[Board "22"]
[WhiteElo "1291"]
[BlackElo "1452"]
[PlyCount "55"]
[WhiteFideId "16287134"]
[BlackFideId "16287207"]
[EventCountry "GER"]
[EventRounds "11"]
[EventType "swiss"]
[EventDate "2019.06.08"]

1. e4 e5 2. Nf3 Nc6 3. Bc4 Bc5 4. c3 Nf6 5. d4 exd4 6. cxd4 Bb4+ 7. Bd2 Bxd2+
8. Nbxd2 O-O 9. d5 Ne7 10. Qc2 Ng6 11. e5 Re8 12. O-O Nxe5 13. Nxe5 Rxe5 14.
Rae1 Rxe1 15. Rxe1 d6 16. Ne4 Nxe4 17. Qxe4 Bd7 18. Re3 f5 19. Qd4 Qf6 20. Qd2
Re8 21. Rxe8+ Bxe8 22. Qe3 Bf7 23. Qxa7 h6 24. Qxb7 Qd8 25. a4 Be8 26. a5 Bd7
27. a6 Bc8 28. Qb8 1-0

[Event "DEM U10 2019"]
[Site "Willingen GER"]
[Date "2019.06.14"]
[Round "9"]
[White "Yang, Marco"]
[Black "Brandt, Mattis"]
[Result "1-0"]
[Termination "normal"]
[Board "23"]
[WhiteElo "1278"]
[BlackElo "1359"]
[PlyCount "117"]
[WhiteFideId "16254260"]
[BlackFideId "16267397"]
[EventCountry "GER"]
[EventRounds "11"]
[EventType "swiss"]
[EventDate "2019.06.08"]

1. e4 c5 2. d4 cxd4 3. c3 d3 4. Bxd3 Nc6 5. c4 Nf6 6. Nc3 d6 7. Nf3 Bg4 8. Bf4
g6 9. h3 Bxf3 10. Qxf3 Bg7 11. Qe3 h6 12. O-O Nh5 13. Bh2 O-O 14. Be2 Nd4 15.
Bxh5 Nc2 16. Qd2 Nxa1 17. Be2 Qa5 18. Rxa1 Rac8 19. Bf4 g5 20. Be3 f5 21. Qd5+
Qxd5 22. Nxd5 Bxb2 23. Rb1 Bf6 24. Rxb7 e6 25. Ne7+ Bxe7 26. Rxe7 f4 27. Bd4 e5
28. Bc3 Ra8 29. Re6 Rad8 30. Bb4 Rb8 31. Bxd6 Rb1+ 32. Kh2 Rb6 33. c5 Rb2 34.
Bxf8 Rxe2 35. Bxh6 Rxf2 36. Bxg5 Rxa2 37. Rxe5 f3 38. Be3 Re2 39. Rg5+ Kh7 40.
Rg3 Rxe3 41. gxf3 Rc3 42. Rg5 Rxf3 43. Rg3 Rf4 44. Re3 Rf2+ 45. Kg3 Rc2 46. Ra3
Rxc5 47. Rxa7+ Kg6 48. Ra3 Kg5 49. Re3 Kf6 50. Kf4 Re5 51. h4 Rh5 52. Kg4 Re5
53. Kf4 Rh5 54. e5+ Ke6 55. Kg4 Rxe5 56. Rxe5+ Kxe5 57. Kg5 Ke6 58. Kg6 Ke7 59.
Kg7 1-0

[Event "DEM U10 2019"]
[Site "Willingen GER"]
[Date "2019.06.14"]
[Round "9"]
[White "Herrmann, Jakob"]
[Black "Theviot, Luca"]
[Result "0-1"]
[Termination "normal"]
[Board "24"]
[WhiteElo "1124"]
[BlackElo "1276"]
[PlyCount "108"]
[WhiteFideId "16287169"]
[BlackFideId "16277449"]
[EventCountry "GER"]
[EventRounds "11"]
[EventType "swiss"]
[EventDate "2019.06.08"]

1. e4 c5 2. Nf3 Nc6 3. c3 Nf6 4. e5 Nd5 5. d4 cxd4 6. cxd4 d6 7. Bc4 Nb6 8. Bb3
dxe5 9. dxe5 Qxd1+ 10. Bxd1 Bg4 11. O-O O-O-O 12. Bf4 g6 13. h3 Bxf3 14. Bxf3
Bg7 15. Bg4+ e6 16. Re1 Nd5 17. Bh2 h5 18. Bf3 Rd7 19. Na3 a6 20. Nc4 Kc7 21.
Bxd5 Rxd5 22. Nd6 Nd8 23. Rac1+ Kd7 24. f4 Bf8 25. Ne4 Be7 26. Red1 Nc6 27.
Rxd5+ exd5 28. Rd1 Ke6 29. Nc3 Rd8 30. a3 Bc5+ 31. Kf1 b5 32. Bg1 Bxg1 33. Kxg1
Na5 34. Ne4 Rc8 35. Nf6 Rd8 36. Kf2 Nc4 37. Rb1 d4 38. Ne4 d3 39. Ke1 d2+ 40.
Ke2 Nxb2 41. Nxd2 Na4 42. g3 Nc3+ 43. Ke3 Nxb1 44. Nxb1 g5 45. Nc3 gxf4+ 46.
gxf4 Rg8 47. Ne4 a5 48. Kf3 b4 49. a4 Rb8 50. Nc5+ Kd5 51. Nb3 Ra8 52. Ke3 Kc4
53. Nd2+ Kc3 54. Ne4+ Kc2 0-1

[Event "DEM U10 2019"]
[Site "Willingen GER"]
[Date "2019.06.14"]
[Round "9"]
[White "Yue, Qihang"]
[Black "Detjen, Mattes"]
[Result "1/2-1/2"]
[Termination "normal"]
[Board "26"]
[WhiteElo "1354"]
[BlackElo "1296"]
[PlyCount "86"]
[WhiteFideId "16278968"]
[BlackFideId "16235690"]
[EventCountry "GER"]
[EventRounds "11"]
[EventType "swiss"]
[EventDate "2019.06.08"]

1. d4 d5 2. c4 e6 3. Nc3 Nf6 4. Nf3 Be7 5. Bg5 O-O 6. e3 Nbd7 7. Bd3 b6 8. O-O
Bb7 9. Re1 c5 10. cxd5 Nxd5 11. Bxe7 Qxe7 12. e4 Nb4 13. Bc4 Nc6 14. d5 Na5 15.
Bf1 exd5 16. exd5 Qd6 17. Qd2 Qg6 18. Rad1 Nf6 19. Qf4 Rad8 20. d6 Nh5 21. Qg5
Qxg5 22. Nxg5 Nf6 23. Re7 Bc6 24. Bb5 Bd7 25. Bxd7 Nxd7 26. b3 Nc6 27. Re3 Nd4
28. Ne2 Nf5 29. Rh3 Nf6 30. Rhd3 Rfe8 31. Kf1 Ng4 32. Nf3 Nge3+ 33. fxe3 Nxe3+
34. Rxe3 Rxe3 35. Rd5 Re6 36. d7 Re7 37. Ne5 Re6 38. Ng3 f6 39. Nc4 Re7 40. Nf5
Rexd7 41. Ne7+ Kf8 42. Rxd7 Rxd7 43. Nf5 Rd1+ 1/2-1/2

[Event "DEM U10 2019"]
[Site "Willingen GER"]
[Date "2019.06.14"]
[Round "9"]
[White "Barthel, Jacob"]
[Black "Huang, Luca Hanson"]
[Result "1-0"]
[Termination "normal"]
[Board "27"]
[WhiteElo "1150"]
[BlackElo "1261"]
[PlyCount "129"]
[WhiteFideId "16273346"]
[BlackFideId "16279182"]
[EventCountry "GER"]
[EventRounds "11"]
[EventType "swiss"]
[EventDate "2019.06.08"]

1. d4 Nf6 2. Nf3 g6 3. Bf4 Bg7 4. c4 d6 5. Nc3 Nbd7 6. h3 b6 7. Nd2 c5 8. d5
O-O 9. g4 e6 10. Bxd6 Re8 11. Nb5 Nb8 12. g5 Nh5 13. Nc7 Qxd6 14. Nxe8 Qd7 15.
Nxg7 Nxg7 16. dxe6 Nxe6 17. Bg2 Bb7 18. Bxb7 Qxb7 19. Rf1 Nxg5 20. Qc2 Nxh3 21.
O-O-O Nf4 22. Nf3 Nc6 23. Qe4 Ne6 24. e3 Rc8 25. Ne5 Qc7 26. Nxc6 Qxc6 27. Qxc6
Rxc6 28. Rd7 a6 29. Kd2 h5 30. Rg1 Kg7 31. Rd5 f6 32. Rxh5 Ng5 33. Rhxg5 fxg5
34. Rxg5 Rd6+ 35. Rd5 Rf6 36. f4 Kf7 37. Kd3 Ke7 38. a4 Ke6 39. a5 Ke7 40. axb6
Rxb6 41. Rxc5 Rxb2 42. Ra5 Rb6 43. c5 Rc6 44. Kd4 Re6 45. Kd5 Kd7 46. e4 Rf6
47. e5 Rc6 48. Ra1 Re6 49. Rh1 Re7 50. c6+ Kc7 51. Rh6 Rg7 52. Kc5 a5 53. Kb5
Rg8 54. Rh7+ Kc8 55. Kxa5 Rd8 56. Kb6 Re8 57. Rg7 Rf8 58. Rxg6 Kd8 59. c7+ Kc8
60. Kc6 Re8 61. Kd6 Kb7 62. e6 Kc8 63. e7 Rh8 64. Re6 Re8 65. Rf6 1-0

[Event "DEM U10 2019"]
[Site "Willingen GER"]
[Date "2019.06.14"]
[Round "9"]
[White "Rau, Eduard"]
[Black "Mühlbauer, Adrian"]
[Result "0-1"]
[Termination "normal"]
[Board "28"]
[WhiteElo "1221"]
[BlackElo "1193"]
[PlyCount "70"]
[WhiteFideId "16287231"]
[BlackFideId "16287223"]
[EventCountry "GER"]
[EventRounds "11"]
[EventType "swiss"]
[EventDate "2019.06.08"]

1. e4 e5 2. Nc3 Nf6 3. Nf3 Nc6 4. Bb5 a6 5. Bc4 Bc5 6. d3 h6 7. O-O O-O 8. Be3
Be7 9. Nh4 d6 10. h3 Nxe4 11. Ng6 Nxc3 12. Qf3 d5 13. Nxf8 dxc4 14. bxc3 Qxf8
15. Qg3 Kh8 16. d4 exd4 17. cxd4 Bd6 18. Qh4 Bf5 19. c3 Bd3 20. Rfe1 Re8 21. d5
Ne7 22. Bd4 Nf5 23. Qh5 Re4 24. Rxe4 Bxe4 25. g4 Nxd4 26. cxd4 Kg8 27. Re1 Bd3
28. h4 Qc8 29. Re3 Qd8 30. Rh3 Qe7 31. Re3 Qf6 32. g5 Qf4 33. Rh3 Qc1+ 34. Kg2
Qf1+ 35. Kf3 Qxh3# 0-1